| 000 | 00413nam a22001697a 4500 | ||
|---|---|---|---|
| 999 |
_c1496 _d1496 |
||
| 005 | 20210909150959.0 | ||
| 008 | 160524b xxu||||| |||| 00| 0 eng d | ||
| 020 | _a978-81-203-3819-7 | ||
| 041 | _aeng | ||
| 082 | _b4465 | ||
| 100 |
_aMalli, Rajib _91102 |
||
| 245 | _aSoftware Engineering | ||
| 260 |
_aNew Delhi _bAcademic Faundation |
||
| 300 | _a434 | ||
| 650 |
_aInformation Technology _9137 |
||
| 942 | _cBK | ||